Comilones y sedientos / (Record no. 34222)

MARC details
000 -LEADER
campo de control de longitud fija 00622nam a2200193 i 4500
001 - NÚMERO DE CONTROL
campo de control 34222
003 - IDENTIFICADOR DE NÚMERO DE CONTROL
campo de control ES-MaACL
005 - FECHA Y HORA DE LA ÚLTIMA TRANSACCIÓN
campo de control 20250129092357.0
007 - CAMPO FIJO DE DESCRIPCIÓN FÍSICA--INFORMACIÓN GENERAL
campo de control de longitud fija t|
008 - DATOS DE LONGITUD FIJA--INFORMACIÓN GENERAL
campo de control de longitud fija 030204s1948 sp ||||1| spa d
100 1# - ENTRADA PRINCIPAL--NOMBRE DE PERSONA
Nombre de persona Blanco Soler, C.,
Fechas asociadas al nombre 1894-1962
9 (RLIN) 29295
245 10 - MENCIÓN DEL TÍTULO
Título Comilones y sedientos /
Mención de responsabilidad, etc. por Carlos Blanco Soler.
260 ## - PUBLICACIÓN, DISTRIBUCIÓN, ETC.
Lugar de publicación, distribución, etc. Madrid :
Nombre del editor, distribuidor, etc. Plus Ultra,
Fecha de publicación, distribución, etc. [1948] (
Fabricante Aldus)
300 ## - DESCRIPCIÓN FÍSICA
Extensión 236 p., 16 lám. :
Otras características físicas il. ;
Dimensiones 19 cm.
490 1# - MENCIÓN DE SERIE
Mención de serie Colección La sabiduría del hogar
830 0# - PUNTO DE ACCESO ADICIONAL DE SERIE-TÍTULO UNIFORME
Título uniforme Colección La sabiduría del hogar
9 (RLIN) 227271
852 ## - LOCALIZACIÓN
Ubicación ES-MaACL
Número de control de estantería C-5600
Sublocalización o colección R.26030
Holdings
Estatus retirado Estado de pérdida Estado de daño No para préstamo Biblioteca de origen Biblioteca actual Ubicación en estantería Fecha de adquisición Fuente de adquisición Total de préstamos Signatura topográfica completa Código de barras Visto por última vez Precio de reemplazo Tipo de ítem Koha
        Biblioteca del Ateneo de Madrid Biblioteca del Ateneo de Madrid Sala Palomar 17/01/2008     C-5600 1035685 23/02/2023 23/02/2023 Libro impreso